Краудсорсинговые модели в производственном бизнесе; Информационные технологии в науке, управлении, социальной сфере и медицине; Ч. 2
| Parent link: | Информационные технологии в науке, управлении, социальной сфере и медицине: сборник научных трудов III Международной научной конференции, 23-26 мая 2016 г., Томск.— , 2016 Ч. 2.— 2016.— [С. 207-211] |
|---|---|
| Huvudupphovsman: | |
| Institutionell upphovsman: | |
| Övriga upphovsmän: | , |
| Sammanfattning: | Заглавие с титульного экрана This article highlights the main definition " Crowdsourcing " . The classification of existing types crowdsourcing , crowdsourcing examples of activities of production companies , as well as the existing crowdsourcing platform. Obtained in the practice of crowdsourcing industrial business. |
| Språk: | ryska |
| Publicerad: |
2016
|
| Serie: | Информационные технологии и моделирование в управлении производственными системами и управлении персоналом |
| Ämnen: | |
| Länkar: | http://earchive.tpu.ru/handle/11683/31463 |
| Materialtyp: | Elektronisk Bokavsnitt |
| KOHA link: | https://koha.lib.tpu.ru/cgi-bin/koha/opac-detail.pl?biblionumber=619741 |
MARC
| LEADER | 00000naa2a2200000 4500 | ||
|---|---|---|---|
| 001 | 619741 | ||
| 005 | 20231101133057.0 | ||
| 035 | |a (RuTPU)RU\TPU\conf\18177 | ||
| 035 | |a RU\TPU\conf\18176 | ||
| 090 | |a 619741 | ||
| 100 | |a 20160830d2016 k y0rusy50 ca | ||
| 101 | 0 | |a rus | |
| 102 | |a RU | ||
| 105 | |a y z 101zy | ||
| 135 | |a drgn ---uucaa | ||
| 181 | 0 | |a i | |
| 182 | 0 | |a b | |
| 200 | 1 | |a Краудсорсинговые модели в производственном бизнесе |d Crowdsourcing models of industrial business |f А. А. Грахов, Е. Н. Зубаха |g науч. рук. Е. А. Грахова | |
| 203 | |a Текст |c электронный | ||
| 225 | 1 | |a Информационные технологии и моделирование в управлении производственными системами и управлении персоналом | |
| 230 | |a 1 компьютерный файл (pdf; 500 Kb) | ||
| 300 | |a Заглавие с титульного экрана | ||
| 320 | |a [Библиогр.: с. 211 (6 назв.)] | ||
| 330 | |a This article highlights the main definition " Crowdsourcing " . The classification of existing types crowdsourcing , crowdsourcing examples of activities of production companies , as well as the existing crowdsourcing platform. Obtained in the practice of crowdsourcing industrial business. | ||
| 461 | 1 | |0 (RuTPU)RU\TPU\conf\17281 |t Информационные технологии в науке, управлении, социальной сфере и медицине |o сборник научных трудов III Международной научной конференции, 23-26 мая 2016 г., Томск |o в 2 ч. |d 2016 | |
| 463 | 1 | |0 (RuTPU)RU\TPU\conf\17287 |t Ч. 2 |f Национальный исследовательский Томский политехнический университет (ТПУ) ; под ред. О. Г. Берестневой [и др.] |v [С. 207-211] |d 2016 | |
| 510 | 1 | |a Crowdsourcing models of industrial business |z eng | |
| 610 | 1 | |a труды учёных ТПУ | |
| 610 | 1 | |a электронные ресурсы | |
| 610 | 1 | |a краудсорсинг | |
| 610 | 1 | |a аутсорсинг | |
| 610 | 1 | |a бизнес-модели | |
| 610 | 1 | |a оферты | |
| 610 | 1 | |a рыночная экономика | |
| 700 | 1 | |a Грахов |b А. А. | |
| 701 | 1 | |a Зубаха |b Е. Н. | |
| 702 | 1 | |a Грахова |b Е. А. |c экономист |c ассистент Томского политехнического университета |f 1981- |g Елена Александровна |2 stltpush |4 727 | |
| 712 | 0 | 2 | |a Национальный исследовательский Томский политехнический университет (ТПУ) |b Институт социально-гуманитарных технологий (ИСГТ) |b Кафедра менеджмента (МЕН) |h 150 |2 stltpush |3 (RuTPU)RU\TPU\col\18855 |
| 801 | 2 | |a RU |b 63413507 |c 20160912 |g RCR | |
| 856 | 4 | |u http://earchive.tpu.ru/handle/11683/31463 | |
| 942 | |c BK | ||